00437 a2200145 4500001000700000040003500007100002100042240003200063245002700095362000900122697002400131942000700155952011000162999001900272153448 cEscola São Tomás de Aquino aCARRASCO, Walcyr10aO mistério da gruta lpor10aO mistério da gruta 0 a2002 a*LITERATURA JUVENIL cBK 00104070a12.22b12.22d2024-04-30l0o028.54 CAR MISpEST00007499r2024-04-30 22:11:10w2024-04-30yBK c153448d153448